影史百大華語電影 100 Greatest Chinese-Language Films - Statistics

General Stats
  • This quiz has been taken 98 times
  • The average score is 17 of 101
Answer Stats
排名 年份 地區 導演 電影 Film % Correct
21 1994 香港 王家衛 重慶森林 (Chungking Express)
57%
54 1991 中國 張藝謀 大紅燈籠高高掛 (Raise the Red Lantern)
53%
6 2000 中國/台灣/香港/美國 李安 臥虎藏龍 (Crouching Tiger, Hidden Dragon)
52%
18 2002 香港 劉偉強, 麥兆輝 無間道 (Infernal Affairs)
52%
19 1994 中國 姜文 陽光燦爛的日子 (In the Heat of the Sun)
50%
10 2000 香港 王家衛 花樣年華 (In the Mood for Love)
49%
49 2004 香港/中國 周星馳 功夫 (Kung Fu Hustle)
48%
2 1991 台灣 楊德昌 牯嶺街少年殺人事件 (A Brighter Summer Day)
47%
53 1994 香港 王家衛 東邪西毒 (Ashes of Time)
47%
100 2000 中國 姜文 鬼子來了 (Devils on the Doorstep)
45%
67 1994 台灣 李安 飲食男女 (Eat Drink Man Woman)
44%
22 1988 中國 張藝謀 紅高粱 (Red Sorghum)
43%
7 2000 台灣/日本 楊德昌 一一 (Yi Yi)
42%
26 1997 香港 王家衛 春光乍洩 (Happy Together)
41%
78 1995 香港 劉鎮偉 大話西遊(西遊記第壹佰零壹回之月光寶盒、西遊記大結局之仙履奇緣) (A Chinese Odyssey)
38%
46 1994 中國 張藝謀 活著 (To Live)
38%
17 1986 香港 吳宇森 英雄本色 (A Better Tomorrow)
36%
1 1989 台灣 侯孝賢 悲情城市 (A City of Sadness)
36%
83 2006 中國 寧浩 瘋狂的石頭 (Crazy Stone)
36%
4 1990 香港 王家衛 阿飛正傳 (Days of Being Wild)
33%
16 1996 香港 陳可辛 甜蜜蜜 (Comrades: Almost a Love Story)
30%
34 2007 台灣/美國/香港/中國 李安 色,戒 (Lust, Caution)
30%
45 2006 中國 賈樟柯 三峽好人 (Still Life)
30%
14 1984 中國 陳凱歌 黃土地 (Yellow Earth)
29%
98 1985 香港 成龍 警察故事 (Police Story)
28%
35 1992 中國 張藝謀 秋菊打官司 (The Story of Qiu Ju)
28%
5 1948 中國 費穆 小城之春 (Spring in a Small Town)
27%
36 1998 中國 賈樟柯 小武 (Xiao Wu)
27%
81 2000 中國/法國/日本 賈樟柯 站台 (Platform)
26%
66 2001 香港 周星馳 少林足球 (Shaolin Soccer)
26%
37 1987 香港 程小東 倩女幽魂 (A Chinese Ghost Story)
23%
41 1993 中國 田壯壯 藍風箏 (The Blue Kite)
22%
23 1993 台灣 李安 喜宴 (The Wedding Banquet)
22%
13 1994 台灣 蔡明亮 愛情萬歲 (Vive l'Amour)
21%
15 1970 香港 胡金銓 俠女 (A Touch of Zen)
20%
31 1972 香港 羅維 精武門 (Fist of Fury)
20%
80 2004 中國 陸川 可可西里 (Kekexili: Mountain Patrol)
20%
84 1999 中國 張藝謀 一個都不能少 (Not One Less)
20%
63 2008 香港 許鞍華 天水圍的日與夜 (The Way We Are)
19%
8 1986 台灣 侯孝賢 戀戀風塵 (Dust In The Wind)
16%
27 1987 香港 關錦鵬 胭脂扣 (Rouge)
16%
24 1934 中國 吳永剛 神女 (The Goddess)
15%
44 1999 香港 杜琪峯 鎗火 (The Mission)
15%
89 1982 香港 許鞍華 投奔怒海 (Boat People)
14%
82 2006 中國 婁燁 頤和園 (Summer Palace)
14%
32 1991 香港 關錦鵬 阮玲玉 (Center Stage)
13%
85 1998 台灣 侯孝賢 海上花 (Flowers of Shanghai)
13%
39 2008 台灣 魏德聖 海角七號 (Cape No. 7)
12%
33 1993 中國/香港 陳凱歌 霸王別姬 (Farewell My Concubine)
12%
20 1937 中國 袁牧之 馬路天使 (Street Angel)
12%
79 1995 香港 許鞍華 女人四十 (Summer Snow)
12%
25 1983 台灣 侯孝賢 風櫃來的人 (The Boys from Fengkuei)
12%
9 1967 台灣/香港 胡金銓 龍門客棧 (Dragon Inn)
10%
99 1991 香港 徐克 黃飛鴻 (Once Upon a Time in China)
10%
42 1993 台灣 侯孝賢 戲夢人生 (The Puppetmaster)
10%
3 1985 台灣 侯孝賢 童年往事 (The Time To Live, And The Time To Die)
10%
59 1972 香港 李小龍 猛龍過江 (Way of the Dragon)
10%
55 1985 台灣 楊德昌 青梅竹馬 (Taipei Story)
9%
30 1983 台灣 楊德昌 海灘的一天 (That Day, on the Beach)
9%
71 1978 香港 袁和平 醉拳 (Drunken Master)
8%
65 1997 香港 陳果 香港製造 (Made in Hong Kong)
8%
75 1967 香港 張徹 獨臂刀 (The One-Armed Swordsman)
8%
86 2002 台灣 易智言 藍色大門 (Blue Gate Crossing)
7%
101 1998 台灣 蔡明亮 洞 (The Hole)
7%
64 2003 中國 李楊 盲井 (Blind Shaft)
6%
62 2009 台灣 戴立忍 不能沒有你 (Cannot Live Without You)
6%
88 1992 台灣 王童 無言的山丘 (Hill of No Return)
6%
12 1986 台灣 楊德昌 恐怖份子 (Terrorizers)
6%
52 1935 中國 孫瑜 大路 (The Big Road)
6%
11 1963 香港 李翰祥 梁山伯與祝英台 (The Love Eterne)
6%
51 1965 台灣 李行 養鴨人家 (Beautiful Duckling)
5%
94 1964 中國 謝鐵驪 早春二月 (Early spring)
5%
76 1982 台灣 楊德昌, 柯一正, 陶德辰, 張毅 光陰的故事 (In Our Time)
5%
61 1992 台灣 蔡明亮 青少年哪吒 (Rebels of the Neon God)
5%
47 1969 香港 唐書璇 董夫人 (The Arch)
5%
40 1947 中國 蔡楚生, 鄭君里 一江春水向東流 (The Spring River Flows East)
5%
90 1978 台灣 李行 汪洋中的一條船 (He Never Gives Up)
3%
60 1986 中國 吳天明 老井 (Old Well)
3%
68 1987 台灣 王童 稻草人 (Strawman)
3%
70 1976 香港 許冠文 半斤八兩 (The Private Eyes)
3%
87 1997 台灣 蔡明亮 河流 (The River)
3%
28 1983 台灣 侯孝賢 兒子的大玩偶 (The Sandwich Man)
3%
56 1987 香港 張婉婷 秋天的童話 (An Autumn's Tale)
2%
29 1968 台灣 李翰祥 破曉時分 (At Dawn)
2%
43 1999 台灣 張作驥 黑暗之光 (Darkness and Light)
2%
74 1961 香港 易文 星星月亮太陽 (Sun, Moon and Star)
2%
96 1959 中國 水華 林家舖子 (The Lin Family Shop)
2%
77 1994 台灣 吳念真 多桑 (A Borrowed Life)
1%
57 1983 台灣 陳坤厚 小畢的故事 (Growing Up)
1%
73 1984 台灣 張毅 玉卿嫂 (Jade Love)
1%
95 1933 中國 孫瑜 小玩意 (Little Toys)
1%
58 1980 香港 許鞍華 撞到正 (The Spooky Bunch)
1%
97 1937 中國 沈西苓 十字街頭 (Crossroads)
0%
38 1972 台灣 李行 秋決 (Execution in Autumn)
0%
48 1970 台灣 白景瑞 再見阿郎 (Goodbye Darling)
0%
50 2005 台灣 顏蘭權, 莊益增 無米樂 (Let It Be)
0%
69 1973 台灣 宋存壽 母親三十歲 (Story of Mother)
0%
92 1966 香港 陶秦 藍與黑 (The Blue and the Black)
0%
91 1975 香港 許冠文 天才與白癡 (The Last Message)
0%
93 1965 中國 謝晉 舞台姊妹 (Two Stage Sisters)
0%
72 1983 香港 徐克 新蜀山劍俠 (Zu Warriors from the Magic Mountain)
0%
No matching quizzes found
Score Distribution
Percent of People with Each Score
Percentile by Number Answered
Your Score History
You have not taken this quiz